| 000 | 01689cam a2200361 a 4500 | ||
|---|---|---|---|
| 001 | 77855 | ||
| 003 | BD-RjUL | ||
| 005 | 20211209083039.0 | ||
| 008 | 210130s1994 le b 100 0dara | ||
| 035 | _a(BD-RjUL)78081 | ||
| 040 |
_aDLC-R _cDLC-R _beng |
||
| 041 | _aara | ||
| 042 |
_alcode _apcc |
||
| 066 | _c(3 | ||
| 082 |
_223 _a340.59092 _bSHI 1994 |
||
| 100 | 1 |
_aشافعي، محمد بن إدريس. ;; Shafi'i, Muhammad bin Idris. _9246044 |
|
| 245 | 0 | 3 |
_aالإمام الشافعي :الاحتفاء بذكرى مور اثني عشرر قرنا علي وفاته ;; al-Imām al-Shāfiʻī : _c Ibn usman al tawijri Abdul Ajij ;; ابن عثمان, التويجري عبدالعزيز |
| 250 | _aal-Ṭabʻah 1. | ||
| 260 |
_a[Beirut] : _bal-Munaẓẓamah al-Islāmīyah lil-Tarbiyah wa-al-ʻUlūm wa-al-Thaqāfah, Īsīskū, _c1994 |
||
| 300 |
_av. ; _c24 cm. |
||
| 504 | _aIncludes bibliographical references. | ||
| 505 | _aVol. 1.البحوث المقدمة باللغة العربية | ||
| 600 | 1 | 0 |
_aShāfiʻī, Muḥammad ibn Idrīs, _d767 or 768-820. _9246061 |
| 650 | 0 |
_aIslamic law _vBiography _vCongresses. _9244162 |
|
| 650 | 0 |
_aShafiites. _9246047 |
|
| 700 | 1 |
_aAbū ʻAlī, Muḥammad. _9246062 |
|
| 830 |
_aSilsilat al-Dirāsāt al-Islāmīyah (ISESCO (Organization)) _9246060 |
||
| 880 |
_a[Rabat] : _bالمنظمة الإسلامية للتربية والعلوم والثقافة، إيسيسكو، _c2001. |
||
| 880 | 1 | 4 |
_6600-05/(3/r _aشافعي، محمد بن إدريس. |
| 942 |
_2ddc _cBK |
||
| 999 |
_c77855 _d77855 |
||